000 00545nam a2200133Ia 4500
008 100328s9999 xx 000 0 und d
082 _b44541
100 _aसाठे शारदा आणि महाजन सुलक्षणा
245 _aस्त्री मुक्ती आणि विज्ञान
260 _bप्रेरणा
630 _aस्त्री मुक्ती आणि विज्ञान
730 _aस्त्री मुक्ती आणि विज्ञान
942 _cBOOK
999 _c532809
_d532806